000 00261nam a2200109Ia 4500
008 190216s9999||||xx |||||||||||||| ||und||
100 _aGoel B S
245 0 _aProduction Operations Management
260 _bKing`S Books Delhi
_c1998
300 _a550p
942 _cBK
999 _c6158
_d6158